000 05061cam a2200433 i 4500
001 21226572
003 CSPC
005 20250904160450.0
008 191003s2020 nyu b 001 0 eng
010 _a 2019043714
020 _a9781032081861
035 _a21226572
040 _aDLC
_beng
_cDLC
_erda
_dDLC
_dCSPC
042 _apcc
050 0 0 _aHD6955
_b.B874 2020
082 0 0 _a174.4
_bB964
_223
245 0 0 _aBusiness ethics and care in organizations /
_cedited by Marianna Fotaki, Gazi Islam, and Anne Antoni.
264 1 _aNew York, NY ;
_aAbingdon, Oxon :
_bRoutledge,
_c2020.
300 _avii, 297 pages ;
_c24 cm.
336 _atext
_btxt
_2rdacontent
337 _aunmediated
_bn
_2rdamedia
338 _avolume
_bnc
_2rdacarrier
490 0 _aRoutledge studies in business ethics ;
_v20
504 _aIncludes bibliographical references and index.
505 0 _aPart I. Overview -- The contested notions and meaning of care: an overview -- Part II. Philosophical underpinnings and theories of care -- Making people grow: a new understanding of organisational ethics with Deleuze and Guattari -- Between care and justice: David Hume's accounts of sympathy -- The contribution of Simone Weil to the enrichment of the ethics of care: revisiting the notion of "dialogue" -- The dark side of work in organisations: the lived experience of suffering at work -- Part III. Organizations practising care -- 'Being gentle' and being 'firm': an extended vocabulary of care as dynamic practice at work -- A serious matter: clowning as an ethical care practice -- Fusing care and control?: HR-managers' meanings of care at the workplace -- Unpacking the discourses of 'caring management': two cases to explore the conditions of an applied ethics of care -- Part IV. Caring pedagogies -- Feeling good and being inspired on campus: meaningful work in academia -- Research impact as care: re-conceptualizing research impact from an ethics of care perspective -- Supporting caring teachers in universities: an ethics of care perspective to the teacher-student relationship -- Do they care for the newcomers? Examining organizational reification within socialization processes through the lens of identity work -- Part V. Politics of care -- The work inclusion of people with disabilities in the hospitality industry: a process toward a good organisation? -- Care and compassion at work: theorizing from indigenous knowledges -- Shifting the care of corporate social responsibility to dynamics of solidarity to redress workplace inequality -- Taking care of everybody? Alternative forms of organizing, diversity and the caring organization.
520 _a"Care is a human ability we all need for growing and flourishing. It implies considering the needs and interests of others, and the quality of how we relate to each other is often defined by care. While the value of care in private life is widely recognized, its role in the public sphere is contested and subject to political debates. In work organizations, instrumentality frequently overrides considerations for colleagues and coworker's wellbeing, while relationships are often sacrificed in the service of performance and meeting organizational targets. The questions this volume attempts to address concerns the organizational conditions that make care flourish and how a caring organization functions in practice. Specifically, we examine what it means to care for each other and what enhances caring behaviors in organizations. The volume ultimately focuses on how caring relations can contribute to making organizations better places. In this perspective, care involves the recognition of, and the limitations of, work as a key aspect of personal and social identity. Because care exceeds the sphere of individual intimacy, the book will also centre on the necessity for building caring institutions through a political process that considers the needs, contributions, and prospects of many different actors. This book aims to contribute to academic discussions on care in organizations, care work, business and organizational ethics, diversity, caring leadership, wellbeing in organizations, and research ethics. Managers, consultants, policy-makers, and students will find reflections about the goodness of care in organizations, and guidance about the ethical and practical difficulties of pursuing the project of building caring organizations"--
_cProvided by publisher.
650 0 _aQuality of work life.
650 0 _aWell-being.
650 0 _aOrganizational sociology.
650 0 _aOrganizational behavior.
650 0 _aBusiness ethics.
700 1 _aFotaki, Marianna,
_eeditor.
700 1 _aIslam, Gazi,
_eeditor.
700 1 _aAntoni, Anne,
_eeditor.
906 _a7
_bcbc
_corignew
_d1
_eecip
_f20
_gy-gencatlg
942 _2ddc
_cBK
_e23
_h174.4
_iB964
_kGRD
_m2020
_n0
999 _c30351
_d30351